| 000 | 02330nam a2200493Ia 4500 | ||
|---|---|---|---|
| 001 | Z_7116 | ||
| 003 | CHAP | ||
| 005 | 20241206141220.0 | ||
| 007 | ta | ||
| 008 | 220113s20122007sp ado fr 001 0 spa d | ||
| 010 | _a170388 | ||
| 020 | _a978- 84-200-0986-5 | ||
| 040 |
_cCHAP _amxchpua _erda |
||
| 041 |
_aspa _bspa _fspa _heng |
||
| 050 |
_aTX537 _b.F67 2007 |
||
| 082 |
_220 _a664.028 _bF67 |
||
| 100 | 1 |
_aForsythe, S. J. _942636 |
|
| 240 | 1 | 0 |
_aFood hygiene, microbiology and HACCP. _lEspañol |
| 245 | 1 | 0 |
_aHigiene de los alimentos, microbiologia y HACCP / _cS. J. Forsythe y P. R. Hayes ; traductor Bernabé San Pérez |
| 250 | _a2a edición | ||
| 264 | 1 |
_aZaragoza, España : _bAcribia, _c2007 _c2012 |
|
| 300 |
_axxi, 489 páginas : _bilustraciones, gráficas, diagramas, tablas, fotos |
||
| 336 |
_2rdacontent _atexto _btxt |
||
| 337 |
_2rdamedia _ano mediado _bn |
||
| 338 |
_2rdacarrier _avolumen _bnc |
||
| 500 | _aTraducción de la obra en inglés: Food hygiene, microbiology, and HACCP 3a ed. | ||
| 500 | _aLa biblioteca de Zootecnia cuenta con la reimpresión del 2012 | ||
| 503 | _aej.1: consumo | ||
| 504 | _aIncluye bibliografías | ||
| 505 | 0 | _aPrólogo a la tercera edición -- Prólogo a la segunda edición -- Prólogo a la primera edición -- Principios fundamentales de microbiología -- Toxiinfecciones alimentarias y otros peligros transmitidos por los alimentos -- Deterioro alimenticio -- Métodos de examen microbiológico -- Diseño y construcción de la fábrica -- Disposición de la fábrica -- Diseño del equipo de procesado de alimentos -- HACCP y calidad del producto -- Limpieza y desinfección: métodos -- Limpieza y desinfección: aplicaciones prácticas -- Higiene y aprendizaje del personal -- Programas y legislación mundiales de seguridad alimentaria. | |
| 650 | 1 | 3 |
_aAlimentos _xMicrobiología _9140137 _2atg |
| 650 | 1 | 3 |
_aMicrobiología alimentaria _9144094 _2atg |
| 650 | 1 | 3 |
_aHigiene de los alimentos _9146810 _2atg |
| 650 | 1 | 3 |
_aARPCC _9155065 _2atg |
| 650 | 1 | 3 |
_aFood microbiology _9147891 _2atg |
| 650 | 1 | 3 |
_aFood sanitation _9153420 _2atg |
| 650 | 1 | 3 |
_aHACCP _9142969 _2atg |
| 700 | 1 |
_aHayes, P. R. _953190 _eautor |
|
| 700 | 1 |
_aSanz Pérez, Bernabé _9150473 _etraductor |
|
| 901 | _a664.028 F67 | ||
| 902 | _aM | ||
| 910 | _a2012 | ||
| 942 |
_cLIBRO _2ddc |
||
| 999 |
_c170388 _d170388 |
||